Methoden der deutschen literaturwissenschaft

Сохранить в:
Библиографические подробности
Главный автор: Zmegac, Viktor
Формат:
Язык:Undetermined
Опубликовано: Frankfurt, Alemania Athenäum FischerTaschenbuch 1972
Предметы:
Метки: Добавить метку
Нет меток, Требуется 1-ая метка записи!

MARC

LEADER 00000nam a2200000Ia 4500
008 170316s9999 xx 000 0 und d
040 |a cru BVZT 
090 |a 830 Z-1m 
100 |a Zmegac, Viktor 
245 |a Methoden der deutschen literaturwissenschaft 
260 |a Frankfurt, Alemania 
260 |b Athenäum FischerTaschenbuch 
260 |c 1972 
300 |a 334 páginas 
650 |a LITERATURA ALEMANA 
999 |c 7465  |d 7465 
942 |c 15 D  |h 830 Z-1m  |2 z